Education (H. S. 2nd Yr.) (Record no. 2053)

MARC details
000 -LEADER
fixed length control field 00540cam a2200205ua 4500
001 - CONTROL NUMBER
control field 2187
005 - DATE AND TIME OF LATEST TRANSACTION
control field 20260515113445.0
008 - FIXED-LENGTH DATA ELEMENTS--GENERAL INFORMATION
fixed length control field 110804n ii |||gr||||Z||||||eng
040 ## - CATALOGING SOURCE
Transcribing agency MAIN
082 ## - DEWEY DECIMAL CLASSIFICATION NUMBER
Classification number 370
100 ## - MAIN ENTRY--PERSONAL NAME
Personal name Deka, Birendra kr.,
Relator term Author.
245 1# - TITLE STATEMENT
Title Education (H. S. 2nd Yr.)
Statement of responsibility, etc. by Birendra Kumar Deka
250 ## - EDITION STATEMENT
Edition statement 1st.
260 ## - PUBLICATION, DISTRIBUTION, ETC.
Place of publication, distribution, etc. Guahati:
Name of publisher, distributor, etc. Assam book depot,998.
300 ## - PHYSICAL DESCRIPTION
Extent 126p:
Dimensions 23cm.
653 ## - INDEX TERM--UNCONTROLLED
Uncontrolled term Education
653 ## - INDEX TERM--UNCONTROLLED
Uncontrolled term text book of higher education
700 ## - ADDED ENTRY--PERSONAL NAME
Personal name Bhattacharjee, Sudesna,
Relator term Author.
942 ## - ADDED ENTRY ELEMENTS (KOHA)
Koha item type Books
Holdings
Withdrawn status Lost status Damaged status Not for loan Home library Current library Shelving location Date acquired Total checkouts Full call number Barcode Date last seen Copy number Price effective from Koha item type
        Naharkatiya College Library Naharkatiya College Library General stacks 09/19/2020   370 | DEK 11429 09/19/2020 1 09/19/2020 Books